00322nam a2200109Ia 4500100001600000650002700016654005200043245005900095260003200154082001400186546001200200 aTyagi M.S.  aElectrical Engineering aIntrod to semiconductor materials & devices aIntroduction to Semiconductor Materials & Devices bJohn WileyaNew Yorkc1991 a621.38152 aENGLISH